| 000 | 00553nmm a2200169Ia 4500 | ||
|---|---|---|---|
| 008 | 251105s9999||||xx |||||||||||||||||und|| | ||
| 020 | _a8477334951 | ||
| 041 | _aspa | ||
| 100 | _aRújula López, Pedro | ||
| 245 | 0 | _aContrarrevolución : realismo y Carlismo en Aragón y el Maestrazgo, 1820-1840 | |
| 264 |
_a[Madrid, España] : _bPrensas Universitarias de Zaragoza, _c1998 |
||
| 300 | _a528 páginas | ||
| 490 | _aCiencias sociales | ||
| 650 | _aHistory of Europe: Spain | ||
| 856 | _uhttps://public.digitaliapublishing.com/a/2106 | ||
| 942 | _cCF | ||
| 999 |
_c73388 _d73388 |
||